Oxford French Dictionary French - English . English - French. 48,000 words and phrases, 70,000 translations /
Shranjeno v:
| Glavni avtor: | |
|---|---|
| Drugi avtorji: | , |
| Format: | Sách giấy |
| Jezik: | English |
| Izdano: |
New York :
Oxford University ,
1994
|
| Oznake: |
Označite
Brez oznak, prvi označite!
|
| Thư viện lưu trữ: | Thư viện Trường Đại học Đà Lạt |
|---|
| LEADER | 00752nam a2200277 4500 | ||
|---|---|---|---|
| 001 | DLU020016615 | ||
| 005 | ##11/27/2000 | ||
| 020 | # | # | |a 978- |
| 041 | # | # | |a eng |
| 082 | # | # | |a 443.21 |b JA-M |
| 100 | # | # | |a Janes, Michael |
| 245 | # | # | |a Oxford French Dictionary |b French - English . |n English - French. 48,000 words and phrases, 70,000 translations / |c Michael Janes, Dora Carpenter, Edwin Carpenter |
| 260 | # | # | |a New York : |b Oxford University , |c 1994 |
| 300 | # | # | |a 696 tr.; |c 19 cm. |
| 700 | # | # | |a Carpenter, Dora |
| 700 | # | # | |a Carpenter, Edwin |
| 992 | # | # | |a 33000 |
| 994 | # | # | |a DLU |
| 998 | # | # | |a TK |
| 900 | # | # | |a False |
| 911 | # | # | |a Administrator |
| 925 | # | # | |a G |
| 926 | # | # | |a A |
| 927 | # | # | |a SH |
| 980 | # | # | |a Thư viện Trường Đại học Đà Lạt |